Cryptogamic botany, V 1 (Record no. 1382593)

MARC details
000 -LEADER
fixed length control field 00568nam a2200193Ia 4500
005 - DATE AND TIME OF LATEST TRANSACTION
control field 20250508163351.0
008 - FIXED-LENGTH DATA ELEMENTS--GENERAL INFORMATION
fixed length control field 008 250505s9999 xx 000 0 eng d
037 ## - SOURCE OF ACQUISITION
Stock number Textual
040 ## - CATALOGING SOURCE
Original cataloging agency FEDL
Language of cataloging eng
Transcribing agency FEDL
041 ## - LANGUAGE CODE
Language code of text/sound track or separate title eng
Source of code eng
084 ## - COLON CLASSIFICATION NUMBER
Classification number 589, SMI
Assigning agency FEDL
100 ## - MAIN ENTRY--PERSONAL NAME
Personal name Smith Gilbert M
9 (RLIN) 775215
245 #0 - TITLE STATEMENT
Title Cryptogamic botany, V 1
260 ## - PUBLICATION, DISTRIBUTION, ETC.
Place of publication, distribution, etc. New York, USA
Name of publisher, distributor, etc. McGraw Hill Book Company Inc
Date of publication, distribution, etc. 1955
300 ## - PHYSICAL DESCRIPTION
Extent ix,546p
490 ## - SERIES STATEMENT
Series statement McGraw-Hill publications in the botanical sciences
942 ## - ADDED ENTRY ELEMENTS (KOHA)
Koha item type Textual
Classification part 589, SMI
Holdings
Withdrawn status Lost status Damaged status Not for loan Home library Current library Date acquired Total Checkouts Full call number Barcode Date last seen Price effective from Koha item type
        Department of Education Library Department of Education Library 2025-05-08   589, SMI EL0075923 2025-05-08 2025-05-08 Textual
Copyright @ Delhi University Library System